| 000 | 01696cam a2200529 a 4500 | ||
|---|---|---|---|
| 001 | 22219 | ||
| 003 | VRT | ||
| 005 | 20260323134242.0 | ||
| 008 | 240315s2012 xo e 000 f slo | ||
| 015 | _aSNBA2013 | ||
| 020 |
_a9788055129617 _q(viaz.) |
||
| 035 | _a4E9F41EE-47E9-4942-BBA6-DF7B99416B72 | ||
| 035 | _aurn:nbn:sk:snk-amlgjo | ||
| 035 | _aurn:nbn:sk:snk-am0093wo | ||
| 039 | 9 |
_a202403152010 _bVLOAD _c201606102035 _dVLOAD _c201510290724 _dAUTHORITY _c201510290722 _dAUTHORITY |
|
| 040 |
_aPPPK _bslo _cPPPK _dSNK _eAACR2 |
||
| 041 | 1 |
_aslo _heng |
|
| 044 |
_axo _cSK |
||
| 072 | 7 |
_a821.111(73)-3 _xAmerická próza _2konspekt |
|
| 080 |
_a821.111(73)-31 _22001 |
||
| 100 | 1 |
_aCollins, Jackie, _d1937-2015 _4aut |
|
| 240 | 1 | 0 |
_aGoddess of vengeance _lSlovensky |
| 245 | 1 | 0 |
_aHollywoodske prvé milovanie _cJackie Collinsová ; [z anglického originálu preložila Tamara Chovanová] |
| 250 | _a[1. vyd.] | ||
| 260 |
_aBratislava _bIkar _c2012 |
||
| 300 |
_a365 s. _c21 cm |
||
| 655 | 7 |
_aamerické romány _2SNKPH |
|
| 655 | 7 |
_aAmerican fiction _2SNKPHeng |
|
| 700 | 1 |
_aChovanová, Tamara, _d1953- _4trl |
|
| 910 | _apppk | ||
| 910 | _attkjf | ||
| 910 | _apokpoh | ||
| 910 | _asvkbb | ||
| 910 | _avthk | ||
| 910 | _asllk | ||
| 910 | _askpk | ||
| 910 | _abjkdg | ||
| 910 | _ahevk | ||
| 910 | _asnk | ||
| 910 | _asavuk | ||
| 942 |
_2ddc _cKLDO _n0 |
||
| 949 |
_6270001000403474 _asvkbbA 136256 _bsvkbbm 731141 |
||
| 949 |
_617A1055093 _asnkSC 151596 _bsnk2012/21549 _o2281/12 _s6100:20160112 |
||
| 949 |
_617A1056432 _asnkSC 151596 D1 _bsnk2012/23033 _o2281/12 |
||
| 949 |
_6273K0547937 _asvkpoA 214591 _bsvkpo552789 |
||
| 949 |
_62889189913 _asavukPV 17000 _bsavuk2012/4574 |
||
| 999 |
_c22219 _d22219 |
||